Antennas / (Record no. 84260)

MARC details
000 -LEADER
fixed length control field 00924nam a2200193 a 4500
008 - FIXED-LENGTH DATA ELEMENTS--GENERAL INFORMATION
fixed length control field 060316s1972 ||||||||||||||||| || u
020 ## - INTERNATIONAL STANDARD BOOK NUMBER
International Standard Book Number 0713132795
050 ## - LIBRARY OF CONGRESS CALL NUMBER
Classification number TK7871.6
100 ## - MAIN ENTRY--PERSONAL NAME
Personal name Connor, F. R. (Frank Robert)
245 10 - TITLE STATEMENT
Title Antennas /
260 ## - PUBLICATION, DISTRIBUTION, ETC.
Place of publication, distribution, etc. London :
Name of publisher, distributor, etc. Edward Arnold
Date of publication, distribution, etc. 1972.
300 ## - PHYSICAL DESCRIPTION
Extent [7], 99 p. : ill. ; 22 cm.
350 ## -
-- 0.00
490 ## -
-- His Introductory topics in electronics and telecommunication
500 ## - GENERAL NOTE
General note Distributed by Professional Books Division, Herman Publishing, inc., Boston. -Includes bibliographical references and index.
650 ## - SUBJECT ADDED ENTRY--TOPICAL TERM
Topical term or geographic name entry element TEXTBOOKS
995 ## -
-- BINDERY (DAMAGED)
-- 0.00
-- 715662
-- CBU-MAIN LIBRARY (Kitwe)
-- 1
-- 0.00
-- TK 7871.6 CON
-- 1
-- DAMAGED
-- Jun 5, 2009
-- 715662
-- Main Library Open Access Collection
995 ## -
-- BINDERY (DAMAGED)
-- 0.00
-- 715663
-- CBU-MAIN LIBRARY (Kitwe)
-- 1
-- 0.00
-- TK 7871.6 CON
-- 2
-- DAMAGED
-- Jun 5, 2009
-- 715663
-- Main Library Open Access Collection
999 ## -
-- 84260
-- 84260
Holdings
Withdrawn status Lost status Source of classification or shelving scheme Damaged status Not for loan Permanent Location Current Location Shelving location Date acquired Total Checkouts Full call number Barcode Date last seen Copy number Price effective from Koha item type
          CBU-MAIN LIBRARY, KITWE. CBU-MAIN LIBRARY, KITWE.   01/25/2024   TK7871.6 715662 01/25/2024 1 01/25/2024 MONOGRAPH
          CBU-MAIN LIBRARY, KITWE. CBU-MAIN LIBRARY, KITWE.   01/25/2024   TK7871.6 715663 01/25/2024 2 01/25/2024 MONOGRAPH